000 00331nam a22001457a 4500
008 221121b ||||| |||| 00| 0 eng d
020 _a9780134405025
041 _aeng
080 _2EIGHTH EDITION
_a159.9
082 _a159.9 HAN
100 _a25
101 _aPSI
245 _aDRUGS AND BEHAVIOR
_cHANCOCK S
942 _2udc
_cBK
999 _c58981
_d58981